Tribhuvan University Central Library

English, French and German banking terms, phrases and correspondence (Record no. 30950)

MARC details
000 -LEADER
fixed length control field 005360000a22002290004500
082 ## - DEWEY DECIMAL CLASSIFICATION NUMBER
Classification number 332.103
Item number En36
-- R
041 ## - LANGUAGE CODE
Language code of text/sound track or separate title Eng
100 ## - MAIN ENTRY--PERSONAL NAME
Personal name Scott, Herbert, comp.
245 ## - TITLE STATEMENT
Title English, French and German banking terms, phrases and correspondence
250 ## - EDITION STATEMENT
Edition statement 2nd rev. edn.
260 ## - PUBLICATION, DISTRIBUTION, ETC. (IMPRINT)
Place of publication, distribution, etc London
Name of publisher, distributor, etc Effingham Wilson
260 ## - PUBLICATION, DISTRIBUTION, ETC. (IMPRINT)
Date of publication, distribution, etc 1926
300 ## - PHYSICAL DESCRIPTION
Extent viii, 2002p.
536 ## - FUNDING INFORMATION NOTE
Text of note Prawasi
518 ## - DATE/TIME AND PLACE OF AN EVENT NOTE
Date/time and place of an event note 20040208
530 ## - ADDITIONAL PHYSICAL FORM AVAILABLE NOTE
Additional physical form available note M
650 ## - SUBJECT ADDED ENTRY--TOPICAL TERM
Topical term or geographic name as entry element Banking
650 ## - SUBJECT ADDED ENTRY--TOPICAL TERM
Topical term or geographic name as entry element Terms
650 ## - SUBJECT ADDED ENTRY--TOPICAL TERM
Topical term or geographic name as entry element Dictionaries
650 ## - SUBJECT ADDED ENTRY--TOPICAL TERM
Topical term or geographic name as entry element Banks
942 ## - ADDED ENTRY ELEMENTS (KOHA)
Koha item type General Collections
Holdings
Withdrawn status Lost status Damaged status Not for loan Home library Current library Date acquired Total Checkouts Barcode Date last seen Price effective from
        Tribhuvan University Central Library Tribhuvan University Central Library 06/20/2010   G58459 06/20/2010 06/20/2010